Statistics for Books with Names in the Title Quiz #1

Click here to take the quiz!

General Stats

  • This quiz has been taken 63,024 times
    (48,406 since last reset)
  • The average score is 13 of 22

Answer Stats

AuthorBook% Correct
William ShakespeareRomeo and {Juliet}
99%
A. A. Milne{Winnie}-the-Pooh
99%
J.K. Rowling{Harry} Potter and the Deathly Hallows
97%
Lewis Carroll{Alice}'s Adventures in Wonderland
96%
Roald Dahl{Charlie} and the Chocolate Factory
94%
E. B. White{Charlotte}'s Web
90%
Charles Dickens{David} Copperfield
88%
Hans & Margret ReyCurious {George}
82%
Harriet Beecher StoweUncle {Tom}'s Cabin
75%
Leo Tolstoy{Anna} Karenina
73%
Charles Dickens{Nicholas} Nickleby
50%
Frank McCourt{Angela}'s Ashes
45%
Sir Walter Scott{Rob} Roy
43%
Louise Fitzhugh{Harriet} the Spy
37%
Judy BlumeAre You There God? It's Me, {Margaret}
33%
Daniel KeyesFlowers for {Algernon}
32%
Mitch AlbomTuesdays With {Morrie}
32%
Patricia MacLachlan{Sarah}, Plain and Tall
31%
Stephen King{Dolores} Claiborne
23%
John IrvingA Prayer for {Owen} Meany
19%
Philip Roth{Portnoy}'s Complaint
18%
Willa CatherMy {Antonia}
14%

Score Distribution

Percentile by Number Answered

Percent of People with Each Score

Your Score History

You have not taken this quiz since the last reset